000
00318nam a22001337a 4500
008
170913b xxu||||| |||| 00| 0 eng d
020
_a
9780130352491
041
_a
eng
080
_2
6 ED
_a
53
100
_a
43
101
_a
FIZ
245
_a
PHYSICS POSCKET COMPANION HUMAN DAS
_c
GINCOLI
942
_2
udc
_c
BK
999
_c
27402
_d
27402